Sports Quiz

Random Sports or NFL Quiz
Score 0/51 Timer 07:00
2 Plays Today
Team Quarterback % Correct
Denver BroncosPeyton Manning
96%
New York GiantsEli Manning
95.8%
Green Bay PackersAaron Rodgers
94.1%
Atlanta FalconsMatt Ryan
94%
Baltimore RavensJoe Flacco
93.6%
New England PatriotsTom Brady
92.4%
Dallas CowboysTony Romo
92.2%
Kansas City ChiefsAlex Smith
91.6%
Carolina PanthersCam Newton
91.1%
New York JetsGeno Smith
90.9%
Arizona CardinalsCarson Palmer
89.7%
Indianapolis ColtsAndrew Luck
89.5%
Seattle SeahawksRussell Wilson
89.3%
New Orleans SaintsDrew Brees
89.2%
Chicago BearsJay Cutler
88.6%
Washington RedskinsRobert Griffin III
86.6%
Detroit LionsMatthew Stafford
86.6%
San Diego ChargersPhilip Rivers
86%
Cincinnati BengalsAndy Dalton
85.6%
San Francisco 49ersColin Kaepernick
84.6%
Philadelphia EaglesMichael Vick
81.8%
Pittsburgh SteelersBen Roethlisberger
81.5%
Philadelphia EaglesNick Foles
80%
St. Louis RamsSam Bradford
79.3%
Houston TexansMatt Schaub
78.3%
Miami DolphinsRyan Tannehill
78.2%
Team Quarterback % Correct
Buffalo BillsEJ Manuel
72.9%
Washington RedskinsKirk Cousins
69.9%
Green Bay / OaklandMatt Flynn
68.8%
Tennessee TitansRyan Fitzpatrick
68.6%
Tampa Bay / MinnesotaJosh Freeman
65.1%
Chicago BearsJosh McCown
63.6%
Minnesota VikingsMatt Cassel
63.1%
Minnesota VikingsChristian Ponder
60.7%
Tennessee TitansJake Locker
59.9%
Jacksonville JaguarsChad Henne
59.9%
Dallas CowboysKyle Orton
58.8%
Cleveland BrownsBrian Hoyer
56.7%
Jacksonville JaguarsBlaine Gabbert
54.6%
Oakland RaidersTerrelle Pryor
50.5%
Cleveland BrownsBrandon Weeden
50.4%
Tampa Bay BuccaneersMike Glennon
46.6%
Houston TexansCase Keenum
46.3%
Cleveland BrownsJason Campbell
42%
Green Bay PackersSeneca Wallace
32.4%
Green Bay PackersScott Tolzien
32.3%
Oakland RaidersMatt McGloin
31.5%
Buffalo BillsThaddeus Lewis
28%
Kansas City ChiefsChase Daniel
26.6%
Buffalo BillsJeff Tuel
26.6%
St. Louis RamsKellen Clemens
25.3%
Remove Ads.
Support Sporcle.
Get the best of Sporcle when you Go Orange. This ad-free experience offers more features, more stats, and more fun while also helping to support Sporcle. Thank you for becoming a member.

You're not logged in!

Compare scores with friends on all Sporcle quizzes.
OR
Log In

Show Comments

Extras

Top Quizzes Today


Score Distribution

Your Account Isn't Verified!

In order to create a playlist on Sporcle, you need to verify the email address you used during registration. Go to your Sporcle Settings to finish the process.

Report this User

Report this user for behavior that violates our Community Guidelines.

Details: